000 01763cam a2200361 i 4500
001 768714001
003 CO-MdFUSB
005 20210429123409.0
007 ta
008 010625t1980 ilu 000 0 eng d
010 _a80021066
020 _a9780877889182
020 _a087788918X
040 _aTXV
_beng
_erda
_cCO-MdFUSB
_dNOW
_dCFT
_dOCLCF
_dOCLCQ
_dCAP
041 _aeng
082 _223
_a261.57
_bL566
100 1 _aL'Engle, Madeleine.
_eautor
245 1 0 _aWalking on water :
_breflections on faith and art
_c/ Madeleine L'Engle.
264 1 _aColorado Springs, CO :
_bWaterbrook Press,
_c[1980]
264 4 _c© 1980
300 _a240 páginas ;
_c19 cm.
336 _atexto
_btxt
_2rdacontent.
337 _asin mediación
_bn
_2rdamedia.
338 _avolumen
_bnc
_2rdacarrier.
505 _aPrólogo de Nichole Nordeman - Cosmos del caos - Iconos de la verdad - Curados, enteros y santos - Un carbón en la mano - Imposibles probables - Manteniendo el reloj enrollado - Nombres y etiquetas - La parte inferior de el iceberg - ¿Queremos que los niños lo vean? - El viaje de regreso a casa - El otro lado del silencio - Alimentando el lago.
520 _aEn este libro clásico, Madeleine L'Engle aborda las preguntas: ¿Qué hace que el arte sea cristiano? ¿Qué significa ser un artista cristiano? ¿Cuál es la relación entre fe y arte? A través del hermoso y perspicaz ensayo de L'Engle, los lectores se verán llamados a lo que el autor ve como las principales tareas de un artista: escuchar, mantenerse consciente y responder a la creación a través del propio arte.
563 _aRústico
653 _aCristianismo y arte
942 _cBK
945 _aJTF-925
999 _c66445
_d66445